000 00506nam a22001697a 4500
005 20260509143724.0
008 260509b |||||||| |||| 00| 0 eng d
020 _a9789372121230
040 _aSGVU Library
_cSGVU Library
082 _222
_a631.53
_bSIP B
100 _aSingh Phundan
_940318
245 _aBasics of Plant Breeding
_hEnglish
260 _aNew Delhi , India
_bKalyani Publishers
_c2026
300 _aC.4p
_bPB
650 _aAgriculture
_yG4770
_940319
942 _2ddc
_cBOOKS
_k631.53 SIP B
999 _c90289
_d90289